000 02322nam a2200433 a 4500
999 _c205994
_d205994
003 BLK
005 20250127130450.0
008 180411b bul|||||r ||||||| ||bul||
010 _aKNG00215726000
020 _a978-954-398-543-2
040 _aBLK
041 _aBUL
_cBUL
072 _9178257
_aН35
_xОбществено управление. Военни науки Н
080 _aОргани на обществения ред. Полиция. Обществена власт. Доброволни отреди. Държавна сигурност. Милиция. Дейност на полицията по вътрешно разузнаване
_b351.74
_x(497.2)(091)(092)
_z351.74(497.2)(091)(092)
080 _aБългария през Втората световна война (1939-1944)
_b94(497.2)"1939/1944"
_x(092)
_z94(497.2)"1939/1944"(092)
080 _x(497.2)(091)(092)
_z323(497.2)(091)(092)
080 _aБългарски полицай от периода между двете световни войни
_b929 Гешев, Никола Христов
_z929 Гешев, Никола Христов
100 _aНедев, Недю Тенев
_d1925-
_gЛеверсон, Алберт, 1925- (псевдоним); Недев, Недьо Тенев, 1925-; Недев, Недю, 1925-; Nedev, Nedu, 1925-
_9254711
139 _aНедев, Недю Тенев
_bГ 45
245 1 0 _aНикола Гешев. Убит край село Куклен
_cНедю Недев.
257 _aBGR
260 _c2017
_9209481
_aСофия
_bТруд
_fСофия : Алианс принт
300 _a166 с.
_bсъс сн., факс.
_c21 см
380 _a3
600 0 _9244235
_aГешев, Никола Христов
650 0 _9244237
_aПолиция - България - история
650 0 _aБългария - история, нова
_9241998
650 7 _aВътрешна политика - България - история
_2
_9151595
653 7 _9181990
_aбиографии
659 7 _9178160
_aН
_xНови книги
852 _aЦб 289039
856 4 _qpdf
856 4 _qpdf
942 _cKNG
_n0
_01
944 _aCR
_c29.01.2018
_k30560
_lГеновева Генчева
944 _aED
_c26.01.2018
_kПенка_Димитрова
999 _d205994
999 _d205994